00289nam a2200121Ia 4500008004100000041000800041082001200049100001500061245002700076260003800103300001900141365000700160240624s9999 xx 000 0 und d aeng a050 MAN aMATHEW K M aMANORAMA YEARBOOK 2005 c2005aKottayambMalayala Manorama a846 : cm. ; 19 cRS